000 00310nam a22001337a 4500
008 171012b xxu||||| |||| 00| 0 eng d
020 _a2900073380079
041 _aeng
080 _27TH
_a316
100 _a50
101 _aSOC
245 _aSOCIAL STRATIFICATION AND INEQUALITY
_cKERBO,H.R
942 _2udc
_cBK
999 _c33539
_d33539